[Event "9th Aeroflot Open A"]
[Site "Moscow RUS"]
[Date "2010.02.12"]
[Round "4"]
[White "Lopez Martinez, Josep"]
[Black "Vazquez Igarza, R."]
[Result "1/2-1/2"]
[WhiteElo "2593"]
[BlackElo "2560"]
[PlyCount "29"]
[EventDate "2010.02.09"]

1. e4 e5 2. Nf3 Nf6 3. Nxe5 d6 4. Nf3 Nxe4 5. d4 d5 6. Bd3 Bd6 7. O-O O-O 8.
Re1 Bf5 9. Nc3 Nxc3 10. bxc3 Qd7 11. c4 Bxd3 12. Qxd3 dxc4 13. Qxc4 Nc6 14. Rb1
b6 15. Bd2 1/2-1/2